ბათუმის შოთა რუსთაველის სახელმწიფო უნივერსიტეტის ბიბლიოთეკა

რომის გვიანდელი რესპუბლიკა : (ბიბ.ჩანაწერი № 56334)

000 -ლიდერი
ფიქსირებული სიგრძის საკონტროლო ველი 01043nam a22002297a 4500
001 - საკონტროლო ნომერი
საკონტროლო ველი 23447
003 - საკონტროლო ნომრის იდენტიფიკატორი
საკონტროლო ველი GE_BSU
005 - ბოლო ოპერაციის თარიღი და დრო
საკონტროლო ველი 20260120191534.0
008 - ფიქსირებული სიგრძის მონაცემთა ელემენტები - ზოგადი ინფორმაცია
ფიქსირებული სიგრძის საკონტროლო ველი 181216s1989||||ge |||||||||||||| ||geo||
040 ## - კატალოგიზაციის წყარო
Transcribing agency GE_BSU
041 ## - ენის კოდი
Language code of text/sound track or separate title geo
080 ## - უნივერსალური ათობითი კლასიფიკაციის ინდექსი
Universal Decimal Classification number 94(37)(075.8) ს-26
100 ## - მთავარი ჩანაწერი - პიროვნების სახელი
Personal name სანიკიძე, ლევან
9 (RLIN) 26704
245 ## - ცნობა სათაურის შესახებ
Title რომის გვიანდელი რესპუბლიკა :
Remainder of title დამხმ. სახელმძღვ. პედ. ინ-ტების სტუდენტებისათვის /
Statement of responsibility, etc ლევან სანიკიძე ; რედ. : ნ. ლომოური.
264 ## - წარმოების, გამოცემის, დისტრიბუციის და სხვა ცნობები
გამოცემის, წარმოების, დისტრიბუციის... ადგილი თბილისი :
გამოცემის, წარმოების, დისტრიბუციის... სახელწოდება განათლება,
გამოცემის, წარმოების, დისტრიბუციის... თარიღი 1970.
300 ## - ფიზიკური აღწერა
Extent 277 გვ. ;
Dimensions 22 სმ.
653 ## - INDEX TERM--UNCONTROLLED
Uncontrolled term რომის გვიანდელი რესპუბლიკა
653 ## - INDEX TERM--UNCONTROLLED
Uncontrolled term ძველი რომის ისტორია
700 ## - ADDED ENTRY--PERSONAL NAME
Personal name ლომოური, ნ.
Relator term რედაქტორი
9 (RLIN) 26705
942 ## - ADDED ENTRY ELEMENTS (KOHA)
Koha item type წიგნი
Source of classification or shelving scheme
ეგზემპლარები
ჩამოწერის სტატუსი დაკარგული ეგზემპლარის სტატუსი კლასიფიკაციის წყარო ან თაროზე გაწყობის სქემა დაზიანების სტატუსი არ გაიცემა მუდმივი მდებარეობა (დაცვის ადგილი) ამჟამინდელი ადგილსამყოფელი თაროზე განთავსების ადგილი შეძენის თარიღი ღირებულება, შესყიდვის ნორმალური ფასი სრული შენახვის შიფრი შტრიხკოდი ბოლო ოპერაციის თარიღი ეგზემპლარის მიმდევრობითი ნომერი (კეტერი?) ფასის ძალაში შესვლის თარიღი ეგზემპლარის სახეობა საჯარო შენიშვნა
          ბათუმის შოთა რუსთაველის სახელმწიფო უნივერსიტეტის მთავარი ბიბლიოთეკა ბათუმის შოთა რუსთაველის სახელმწიფო უნივერსიტეტის მთავარი ბიბლიოთეკა წიგნსაცავი 2018-12-17 1.12 94(37)(075.8) ს-26 28359 2018-12-17 28359 2018-12-17 წიგნი 1.12 ₾.